Disney Attractions in Common Quiz Stats

 Plays Quiz not verified by Sporcle

Challenge
Share
Tweet
Embed
Score 0/20 Timer 05:00
0 Plays Today
% Correct
'it's a small world'
91.2%
Haunted Mansion
91.1%
Pirates of the Caribbean
90.2%
Space Mountain
89.9%
Splash Mountain
89.2%
Big Thunder Mountain Railroad
89%
Peter Pan's Flight
89%
Dumbo the Flying Elephant
88.7%
Jungle Cruise
88.7%
Mad Tea Party
84.9%
% Correct
The Many Adventures of Winnie the Pooh
81.4%
Star Tours - The Adventures Continue
80.1%
Enchanted Tiki Room
78.5%
Toy Story Midway Mania!
76.6%
[Resort Name] Railroad
72.7%
Astro Orbiter
71.8%
Main Street Vehicles
60.7%
It's Tough to be a Bug!
55.5%
Turtle Talk with Crush
52.2%
Star Wars Launch Bay
39.7%

You're not logged in!

Compare scores with friends on all Sporcle quizzes.
OR
Log In

You Might Also Like...

Show Comments

Extras

Top Quizzes Today


Score Distribution

Your Account Isn't Verified!

In order to create a playlist on Sporcle, you need to verify the email address you used during registration. Go to your Sporcle Settings to finish the process.

Report this User

Report this user for behavior that violates our Community Guidelines.

Details: